000 00690nam a2200241 i 4500
001 C2-0217825
003 PPAK
005 20180728110321.0
008 990713s1981 io |||| ||||| | may d
040 _aPPAK
_beng
_cPPAK
_erda
082 0 4 _a001.433
_2 23
090 0 0 _a001.433
_bIND
_dKIH
245 0 0 _aIndeks laporan penelitian dan survei 1950 - 1977
264 1 _aJakarta, Indonesia :
_bPusat Dokumentasi Ilmiah Nasional ,
_c1981
300 _avii, 200 pages ;
_c23 cm
336 _2rdacontent
_atext
337 _2rdamedia
_aunmediated
338 _2rdacarrier
_avolume
650 1 0 _aSurveys
700 0 _aSiti Nuraini
_eeditor
700 0 _aZurniaty,
_eeditor
942 _ddc
_cB
999 _c160929
_d160929